Most expensive football transfers - Born in 1980 - Statistics

General Stats
  • This quiz has been taken 26 times
  • The average score is 6 of 10
Answer Stats
Fee (M €) Season Nationality Left Joined Player % Correct
32,25 2003-2004 Brazil Paris SG Barcelona Ronaldinho
100%
24,15 2008-2009 Brazil Barcelona AC Milan Ronaldinho
100%
24,00 2008-2009 Ireland Tottenham Liverpool Robbie Keane
86%
19,50 2000-2001 Ireland Coventry Inter Robbie Keane
86%
19,00 2007-2008 France Olympique Lyon Chelsea Florent Malouda
59%
18,30 2004-2005 England Newcastle Real Madrid Jonathan Woodgate
50%
20,00 2007-2008 Argentina Real Zaragoza Barcelona Gabriel Milito
27%
22,80 2008-2009 Brazil / Italy US Palermo Juventus Amauri
18%
21,00 2003-2004 France Inter AC Parma Sébastien Frey
18%
20,00 2001-2002 Brazil Cruzeiro Barcelona Geovanni
9%
No matching quizzes found
Score Distribution
Percent of People with Each Score
Percentile by Number Answered
Your Score History
You have not taken this quiz